| 000 | 00757nam a2200241 a 4500 | ||
|---|---|---|---|
| 008 | |||
| 020 | _a9781853396823 (pbk.) | ||
| 090 |
_aTC809 _bFAR |
||
| 245 | 1 | 0 |
_aFarmer first revisited : _binnovation for agricultural research and development / _cIan Scoones and John Thompson. |
| 260 |
_aWarwickshire : _bPractical action publishing, _c2009. |
||
| 300 |
_axix, 357 p. : _bill. ; _c24 cm. |
||
| 500 | _aIncludes index. | ||
| 504 | _aINcludes bibliographical references. | ||
| 650 | 1 | _aFarming. | |
| 700 | _aThompson, John. | ||
| 700 | _aScoones, Ian. | ||
| 907 |
_a.b10274789 _b18-03-10 _c03-03-10 |
||
| 003 | |||
| 005 | 20230123125014.0 | ||
| 040 | _cNUST | ||
| 049 | _aMAIN | ||
| 942 |
_cBOOKS _kTC809 _mFAR |
||
| 999 |
_c134060 _d134060 |
||